[Event "6th Sveins Memorial"]
[Site "Oslo NOR"]
[Date "2013.06.21"]
[Round "9"]
[White "Hebden,M"]
[Black "Danielsen,Hen"]
[Result "1/2-1/2"]
[WhiteElo "2548"]
[BlackElo "2508"]

1.d4 d6 2.e4 Nf6 3.Nc3 e5 4.Nf3 Nbd7 5.Bc4 Be7 6.O-O O-O 7.Re1 c6 8.a4 a5
9.h3 Nb6 10.Ba2 Nfd7 11.Be3 exd4 12.Bxd4 Nc5 13.Bxc5 dxc5 14.Qc1 Be6 15.Qe3 Qc7
16.Bxe6 fxe6 17.e5 Nd5 18.Nxd5 cxd5 19.c4 Rad8 20.Rac1 Qc6 21.b3 Rd7 22.Qe2 d4
23.Rcd1 Bd8 24.Qe4 Qb6 25.Rd3 Rdf7 26.g3 Rf5 27.h4 Qc7 28.Nd2 Rxf2 29.Rf3 R2xf3
30.Nxf3 Qb6 31.Qd3 Rf5 32.Kg2 h5 33.Re4 Qc6 34.Kf2 Qe8 35.Rf4 g6 36.Qe4 Qf7
37.Rxf5 gxf5 38.Qf4 Qg7 39.Ne1 Bc7 40.Nd3 b6 41.Kg2  1/2-1/2

[Event "12th TCh-BIH Prem"]
[Site "Sarajevo BIH"]
[Date "2013.06.21"]
[Round "7.4"]
[White "Arapovic,V"]
[Black "Batinic,P"]
[Result "1/2-1/2"]
[WhiteElo "2356"]
[BlackElo "2312"]

1.e4 d6 2.d4 Nf6 3.Nc3 e5 4.Nf3 Nbd7 5.Bc4 Be7 6.O-O O-O 7.a4 c6 8.a5 exd4
9.Nxd4 Ne5 10.Be2 c5 11.Nf3 Nc6 12.a6 Nb4 13.Nd2 bxa6 14.Nc4 Re8 15.Bf4 Bb7
16.Na5 Qc7 17.Nxb7 Qxb7 18.e5 dxe5 19.Bxe5 Rad8 20.Qc1 Nd7 21.Bf3 Nc6 22.Bg3 Bf6
23.Ne4 Qxb2 24.Qxb2 Bxb2 25.Rxa6 Nde5 26.Rb1 Nxf3+ 27.gxf3 Nb4 28.Rxa7 Be5
29.Nxc5 Bd4 30.Rc7 Nxc2 31.Ne4 Rc8 32.Rd7 Rcd8 33.Rdb7 f5 34.Ng5 Bf6 35.Nf7 Rd5
36.Nd6 Rd8 37.Rb8 Nd4 38.Kg2 g5 39.Rxd8+ Bxd8 40.Re1 Bf6 41.Ne8 Kf7 42.Bb8 Be7
43.Nc7  1/2-1/2

[Event "12th TCh-BIH Prem"]
[Site "Sarajevo BIH"]
[Date "2013.06.21"]
[Round "7.1"]
[White "Sedlak,N"]
[Black "Tadic,Br"]
[Result "1-0"]
[WhiteElo "2571"]
[BlackElo "2513"]

1.e4 d6 2.d4 Nf6 3.Nc3 e5 4.Nf3 Nbd7 5.Bc4 Be7 6.O-O Nb6 7.Be2 Nfd7 8.a4 a5
9.Be3 c6 10.d5 O-O 11.Ra3 Nb8 12.Rb3 N6d7 13.Nd2 Na6 14.Bxa6 Rxa6 15.Nc4 Nf6
16.Bb6 Qe8 17.Nxa5 cxd5 18.exd5 Bg4 19.Qd3 Qc8 20.Nxb7 Ra8 21.Na5 Bd7 22.Nb5 Rxa5
23.Bxa5 Qa8 24.Bd2 Qxa4 25.c4 Bf5 26.Ra3 Bxd3 27.Rxa4 Bxf1 28.Kxf1 Rb8 29.Bb4 g6
30.Na7 Bf8 31.Nc6 Rb7 32.Ra8 Kg7 33.f4 Ng4 34.fxe5 Ne3+ 35.Kf2 Nxc4 36.e6 fxe6
37.Bc3+ e5 38.Nd8 Rb5 39.Ne6+ Kh6 40.Rxf8 Rxd5 41.Rf4  1-0

[Event "8th Teplice Open 2013"]
[Site "Teplice CZE"]
[Date "2013.06.21"]
[Round "7.22"]
[White "Ulanowski,K"]
[Black "Plat,V"]
[Result "0-1"]
[WhiteElo "2083"]
[BlackElo "2445"]

1.e4 d6 2.d4 Nf6 3.Nc3 e5 4.Nf3 Nbd7 5.Bc4 Be7 6.O-O O-O 7.a4 c6 8.Re1 a5
9.Bg5 Qb6 10.b3 Re8 11.Bxf6 Bxf6 12.d5 Qb4 13.Qd2 Nb6 14.Qd3 Bg4 15.Re3 Rac8
16.h3 Bh5 17.Rd1 Bg6 18.g3 Red8 19.h4 Nxc4 20.bxc4 cxd5 21.cxd5 Rc4 22.Nd2 Rd4
23.Qe2 Qb2 24.Nb3 Rxd1+ 25.Qxd1 Rc8 26.Qc1 Qxc1+ 27.Nxc1 Bd8 28.Nb3 Rxc3
29.Rxc3  0-1

[Event "7th Varna Open 2013"]
[Site "Varna BUL"]
[Date "2013.06.21"]
[Round "3.7"]
[White "Drenchev,P"]
[Black "Belov,Ig1"]
[Result "1-0"]
[WhiteElo "2485"]
[BlackElo "2418"]

1.d4 d6 2.e4 Nf6 3.Nc3 e5 4.Nf3 Nbd7 5.Bc4 Be7 6.O-O O-O 7.a4 c6 8.Ba2 a5
9.Re1 exd4 10.Nxd4 Nc5 11.h3 Qb6 12.Bc4 Qb4 13.Bf1 Be6 14.Ncb5 Ncxe4 15.Nxe6 fxe6
16.c3 Qc5 17.Be3 Qh5 18.Nc7 Rac8 19.Nxe6 Qxd1 20.Raxd1 Rfe8 21.f3 Ng3 22.Bd3 d5
23.Bb6 Bd6 24.Nc5 Bc7 25.Rxe8+ Nxe8 26.Bxc7 Rxc7 27.Re1 Nf6 28.Kf2 Ngh5 29.Ne6 Re7
30.g4 Kf7 31.Ng5+ Ke8 32.gxh5 Ng8  1-0

[Event "13th IPCA World Championship"]
[Site "Velke Losiny CZE"]
[Date "2013.06.21"]
[Round "5.18"]
[White "Konkolova,Nikola"]
[Black "Strakos,J"]
[Result "0-1"]
[WhiteElo "1463"]
[BlackElo "1894"]

1.e4 d6 2.d4 Nf6 3.Nc3 c6 4.Nf3 Bg4 5.Be2 e6 6.h3 Bh5 7.O-O d5 8.e5 Nfd7
9.Be3 c5 10.Bb5 Nc6 11.g4 Bg6 12.Bxc6 bxc6 13.dxc5 Bxc5 14.Bxc5 Nxc5 15.Nd4 Qb6
16.Nb3 O-O 17.Qd2 Rae8 18.Rfe1 f6 19.Re2 fxe5 20.Rxe5 Nd7 21.Re2 e5 22.Rae1 Rf3
23.Kg2 Ref8 24.Rf1 Qd8 25.Nd1 Be4 26.Kh2 Qh4  0-1

[Event "66th ch-RUS HL"]
[Site "Yekaterinburg RUS"]
[Date "2013.06.21"]
[Round "2.20"]
[White "Kozlitin,R"]
[Black "Voitsekhovsky,S"]
[Result "1-0"]
[WhiteElo "2361"]
[BlackElo "2523"]

1.e4 d6 2.d4 Nf6 3.Nc3 c6 4.Nf3 Bg4 5.Be2 e6 6.Be3 d5 7.Nd2 Bxe2 8.Qxe2 Bb4
9.e5 Nfd7 10.Qg4 g6 11.Ne2 c5 12.c3 cxd4 13.cxd4 Qa5 14.Rc1 Nc6 15.a3 Bxd2+
16.Bxd2 Qa4 17.Qf4 f6 18.exf6 O-O 19.Qc7 Nxf6 20.Qxb7 Nxd4 21.Bh6 Nf5 22.Bxf8 Rxf8
23.O-O Qh4 24.Rc8 Ne4 25.Rxf8+ Kxf8 26.Qb8+ Kg7 27.Qxa7+ Kh6 28.Ng3 Nexg3
29.hxg3 Qe4 30.Qc7 g5 31.Qc1 Nd4 32.Qe3 Ne2+ 33.Kh2 Qg4 34.Qf3  1-0

[Event "HSG Open A 2013"]
[Site "Hilversum NED"]
[Date "2013.06.22"]
[Round "4.3"]
[White "Beukema,S"]
[Black "Kunin,V"]
[Result "0-1"]
[WhiteElo "2284"]
[BlackElo "2507"]

1.e4 d6 2.d4 Nf6 3.Nc3 Nbd7 4.Nf3 e5 5.Bc4 Be7 6.O-O O-O 7.a4 c6 8.Re1 Qc7
9.a5 h6 10.b3 Re8 11.d5 Nf8 12.h3 Ng6 13.Be3 Bf8 14.Qd2 Nh5 15.Bf1 Nhf4 16.a6 bxa6
17.Bxa6 Bd7 18.Bc4 Qc8 19.dxc6 Bxh3 20.g3 Qg4 21.Nh2 Nh4 22.Qd1 Qg6 23.Nd5 Qxe4
24.Nxf4 exf4 25.Bd5 Qf5 26.gxh4 fxe3 27.Rxe3 Rxe3 28.fxe3 Qg6+ 29.Kh1 Bf5
30.Qf3 Be6 31.c4 Qc2 32.Bxe6 fxe6 33.c7 d5 34.Qf4 dxc4 35.bxc4 Rc8 36.Rf1 Kh7
37.Qxf8 Rxf8 38.Rxf8 Qb1+ 39.Nf1 Qb7+ 40.Kg1 Qxc7 41.Rf4 a5 42.Nd2 a4 43.Kg2 a3
44.Rf1 Qd6 45.Nf3 a2 46.h5 Qa3  0-1

[Event "12th TCh-BIH Prem"]
[Site "Sarajevo BIH"]
[Date "2013.06.22"]
[Round "8.5"]
[White "Tomic,Bos"]
[Black "Popovic,Du"]
[Result "1/2-1/2"]
[WhiteElo "2430"]
[BlackElo "2562"]

1.e4 d6 2.d4 Nf6 3.Nc3 e5 4.Nf3 Nbd7 5.Bc4 Be7 6.O-O Nb6 7.Bb3 exd4 8.Qxd4 O-O
9.Bg5 Nfd7 10.Bxe7 Qxe7 11.Nd5 Nxd5 12.exd5 Nc5 13.Rfe1 Qd8 14.Qf4 Bd7 15.Bc4 a5
16.Re3 Re8 17.Rae1 Rxe3 18.Rxe3 Qf8 19.Nd4 Re8 20.Bb5 Rxe3 21.Qxe3 Qd8 22.a3 a4
23.b4 axb3  1/2-1/2

[Event "12th TCh-BIH Prem"]
[Site "Sarajevo BIH"]
[Date "2013.06.22"]
[Round "8.4"]
[White "Palac,M"]
[Black "Indjic,A"]
[Result "0-1"]
[WhiteElo "2560"]
[BlackElo "2536"]

1.e4 d6 2.d4 Nf6 3.Nc3 e5 4.Nf3 Nbd7 5.Bc4 Be7 6.O-O O-O 7.a4 c6 8.Re1 exd4
9.Nxd4 Ne5 10.Ba2 Re8 11.h3 Qa5 12.f4 Ng6 13.Be3 Bd8 14.Qf3 Nh4 15.Qg3 Nxe4
16.Nxe4 Rxe4 17.Bd2 Qxd2 18.Rxe4 Bd7 19.f5 Bf6 20.Rxh4 Bxd4+ 21.Kh1 d5 22.Qc7 Bxf5
23.Qxb7 Rf8 24.Qxc6 Bf6 25.Rh5 Be4 26.Rg1 Bd4 27.Bxd5 Qf2  0-1

[Event "6th Sveins Memorial"]
[Site "Oslo NOR"]
[Date "2013.06.23"]
[Round "4"]
[White "Hillarp Persson,T"]
[Black "Danielsen,Hen"]
[Result "1/2-1/2"]
[WhiteElo "2517"]
[BlackElo "2508"]

1.d4 d6 2.e4 Nf6 3.Nc3 e5 4.Nf3 Nbd7 5.Bc4 Be7 6.O-O O-O 7.Re1 c6 8.a4 Rb8
9.h3 b6 10.Be3 a6 11.Ba2 b5 12.axb5 axb5 13.b4 Qc7 14.Qd3 exd4 15.Nxd4 Ne5
16.Qe2 Re8 17.f4 Ng6 18.Qd3 Bf8  1/2-1/2

[Event "12th TCh-BIH Prem"]
[Site "Sarajevo BIH"]
[Date "2013.06.23"]
[Round "9.1"]
[White "Pasalic,Ha"]
[Black "Sekulic,V"]
[Result "1/2-1/2"]
[WhiteElo "2171"]
[BlackElo "2295"]

1.e4 d6 2.d4 Nf6 3.Nc3 Nbd7 4.Nf3 e5 5.Bc4 Be7 6.O-O O-O 7.a4 c6 8.a5 h6
9.h3 Re8 10.Be3 Qc7 11.Re1 Nf8 12.Qd2 Bd7 13.Bb3 b5 14.axb6 axb6 15.d5 c5
16.Bc4 Ng6 17.Qd3 Nh5 18.Bb5 Nhf4 19.Qc4 Rf8 20.Bxd7 Qxd7 21.Qb5 Qxb5 22.Nxb5 f5
23.Bxf4 Nxf4 24.Rxa8 Rxa8 25.g3 Nxh3+ 26.Kg2 Ng5 27.Nxg5 hxg5 28.exf5 Ra2
29.Rb1 Ra4 30.b3 Ra2 31.Rc1 g4 32.Nc3 Rb2 33.Ne4 b5 34.Kf1 c4 35.bxc4 Rb4
36.Nd2 Bg5 37.Ke2 Bxd2 38.Kxd2 Rxc4 39.c3 Kf7 40.Rb1 Rc5 41.Rb4 Rxd5+ 42.Kc2 Kf6
43.Rxg4 Kxf5 44.Rxg7 Rc5 45.Kd2 Ke4 46.Rf7 Rc8 47.f3+ Kd5 48.g4 Ra8 49.Rc7 Ra2+
50.Ke3 Rc2 51.Kd3 Rf2 52.Ke3 Rc2 53.Kd3 Rf2 54.Ke3 Rc2  1/2-1/2

[Event "TCh-SUI 2013"]
[Site "Switzerland SUI"]
[Date "2013.06.23"]
[Round "5.2"]
[White "Prusikin,M"]
[Black "Hickl,J"]
[Result "1-0"]
[WhiteElo "2555"]
[BlackElo "2564"]

1.e4 d6 2.d4 Nf6 3.Nc3 e5 4.Nf3 exd4 5.Nxd4 Be7 6.g3 O-O 7.Bg2 Re8 8.O-O Bf8
9.b3 Nbd7 10.Bb2 Nc5 11.Re1 a5 12.a4 c6 13.Qd2 Qb6 14.Rad1 Bg4 15.f3 Bd7
16.Kh1 Rad8 17.g4 Qc7 18.Nde2 d5 19.exd5 Bc8 20.Nf4 Ne6 21.Nh5 Nxd5 22.Ne4 Kh8
23.Ng5 Ndf4 24.Qxd8 Rxd8 25.Rxd8 Kg8 26.Nxe6 Nxe6 27.Re8 f6 28.Bf1 b5 29.axb5 cxb5
30.Bxb5 Qxc2 31.Bc4 Bd7 32.R1xe6  1-0

[Event "TCh-MNE Prem 2013"]
[Site "Cetinje MNE"]
[Date "2013.06.24"]
[Round "1.3"]
[White "Benderac,S"]
[Black "Tadic,Br"]
[Result "0-1"]
[WhiteElo "2301"]
[BlackElo "2513"]

1.e4 d6 2.d4 Nf6 3.Nc3 e5 4.Nf3 Nbd7 5.Bc4 Be7 6.O-O O-O 7.Re1 c6 8.a4 exd4
9.Nxd4 Ne5 10.Bf1 Re8 11.a5 Bd7 12.Bf4 b5 13.axb6 axb6 14.Rxa8 Qxa8 15.Nf5 Bxf5
16.exf5 Bf8 17.Ne4 Nxe4 18.Rxe4 Qa2 19.b3 b5 20.f6 g6 21.Bg3 Re6 22.f4 Nd7
23.Rxe6 fxe6 24.f5 exf5 25.c4 b4 26.Bxd6 Nxf6 27.c5 Qa7 28.Bc4+ Kg7 29.h3 Bxd6
30.Qxd6 Qd7 31.Qe5 Qd8 32.Kh1 h5 33.Qe6 Ne4 34.Qxc6 Qe7 35.Qd5 Nxc5 36.Qg8+ Kh6
37.Qh8+ Kg5 38.g3 f4 39.gxf4+ Kxf4 40.Qb8+ Qe5 41.Qxb4 Kg3 42.Bf1 Kf2 43.Qc4 Ne6
44.b4 Nd4 45.Qa2+ Kxf1 46.Qg2+ Ke1 47.Qxg6 Qd5+ 48.Qg2 Qxg2+ 49.Kxg2 h4  0-1

[Event "V4 Liptov IM 2013"]
[Site "Liptovsky Mikulas SVK"]
[Date "2013.06.24"]
[Round "6.3"]
[White "Matras Clement,A"]
[Black "Hausner,I"]
[Result "1/2-1/2"]
[WhiteElo "2270"]
[BlackElo "2387"]

1.e4 d6 2.d4 Nf6 3.Nc3 c6 4.f4 Bg4 5.Nf3 Nbd7 6.Bd3 e5 7.Be3 Qb6 8.Na4 Qa5+
9.Nc3 d5 10.fxe5 dxe4 11.exf6 Nxf6 12.Be2 exf3 13.Bxf3 Bxf3 14.Qxf3 Ba3 15.Bc1 Be7
16.O-O O-O 17.Ne4 Nxe4 18.Qxe4 Rae8 19.c3 Qh5 20.Bf4 Qb5 21.Qc2 Bg5 22.Bxg5 Qxg5
23.Rae1 h5 24.Qf2 f6 25.Re2 Qg4 26.Rfe1 Rxe2 27.Qxe2 Qxe2 28.Rxe2 Kf7 29.Kf2 a5
30.b3 a4 31.bxa4 Ra8 32.Rb2 Ra7 33.Rb4 Ke6 34.Ke3 g5 35.h3 h4 36.Kf3 f5 37.c4 Kd6
38.g3 hxg3 39.Kxg3 Kc7 40.h4 gxh4+ 41.Kxh4 b6 42.Kg5 c5 43.dxc5 bxc5 44.Rb5 Kc6
45.a5 Rf7 46.Kf4 Rd7 47.Rb6+ Kc7 48.Kxf5 Rd4  1/2-1/2

[Event "7th Varna Open 2013"]
[Site "Varna BUL"]
[Date "2013.06.24"]
[Round "6.13"]
[White "Ljangov,P"]
[Black "Kukov,V"]
[Result "1-0"]
[WhiteElo "2049"]
[BlackElo "2396"]

1.e4 d6 2.d4 Nf6 3.Nc3 c6 4.a4 Qa5 5.Bd2 Qb6 6.Nge2 e5 7.a5 Qc7 8.h3 Nbd7
9.g3 g6 10.Bg2 Bg7 11.Be3 O-O 12.O-O exd4 13.Bxd4 Re8 14.g4 h6 15.Qd2 Kh7
16.Ng3 c5 17.Be3 Ne5 18.b3 a6 19.f4 Nc6 20.g5 Ng8 21.h4 Nd4 22.Nd5 Qd8 23.Rad1 Bg4
24.Rb1 Be6 25.Nb6 Rb8 26.Kh1 f5 27.c3 Nb5 28.exf5 gxf5 29.Rfc1 Ne7 30.Qd3 Rf8
31.Bh3 Qe8 32.Kh2 hxg5 33.hxg5 Kg6 34.Kg1 Rh8 35.Bg2 Rh4 36.Bd2 Kf7 37.Re1 Nc7
38.Re2 Qh8 39.Qxd6  1-0

[Event "13th IPCA World Championship"]
[Site "Velke Losiny CZE"]
[Date "2013.06.24"]
[Round "8.10"]
[White "Pronin,Vl"]
[Black "Koszela,S"]
[Result "1-0"]
[WhiteElo "2056"]
[BlackElo "1836"]

1.e4 d6 2.d4 Nf6 3.Nc3 Nbd7 4.Nf3 e5 5.Bc4 Be7 6.O-O O-O 7.h3 h6 8.Re1 c6
9.a4 a5 10.Be3 Qc7 11.Qd2 exd4 12.Nxd4 Ne5 13.Bf1 Be6 14.f4 Nxe4 15.Nxe6 Nxd2
16.Nxc7 Nxf1 17.Nxa8 Nxe3 18.Rxe3 Rxa8  1-0

[Event "III Marcel Duchamp Boca Jun Op"]
[Site "Buenos Aires ARG"]
[Date "2013.06.25"]
[Round "5.21"]
[White "Zeta,R"]
[Black "Vazquez,M"]
[Result "1/2-1/2"]
[WhiteElo "1986"]
[BlackElo "2170"]

1.e4 d6 2.d4 Nf6 3.Nc3 e5 4.dxe5 dxe5 5.Qxd8+ Kxd8 6.Bg5 Be6 7.O-O-O+ Nd7
8.f4 exf4 9.e5 h6 10.Bh4 g5 11.exf6 gxh4 12.Nf3 h3 13.gxh3 Bc5 14.Nd4 Bxd4
15.Rxd4 Rg8 16.Be2 Bxh3 17.Bc4 c6 18.Rhd1 Kc7 19.Rxf4 Raf8 20.Ne4 Rg6 21.Bd3 Ne5
22.Nc5 Nxd3+ 23.Rxd3 Bc8 24.Re4 Rxf6 25.Re7+ Kb6 26.Na4+ Ka6 27.Ra3 Rd8 28.Nc3+ Kb6
29.Na4+ Ka6 30.Nc3+ Kb6 31.Rb3+ Ka6  1/2-1/2

[Event "III Marcel Duchamp Boca Jun Op"]
[Site "Buenos Aires ARG"]
[Date "2013.06.25"]
[Round "5.11"]
[White "Benedetti,A"]
[Black "Barrionuevo,P"]
[Result "0-1"]
[WhiteElo "1957"]
[BlackElo "2287"]

1.e4 d6 2.d4 Nf6 3.Nc3 c6 4.Be3 Nbd7 5.f4 Qa5 6.Bd3 e5 7.Nf3 Be7 8.O-O O-O
9.Kh1 Re8 10.Ne2 exd4 11.Nfxd4 Bf8 12.Ng3 c5 13.Nf3 Qc7 14.c4 b6 15.Qc2 Bb7
16.Rae1 g6 17.Bd2 Bg7 18.Bc3 Re7 19.b3 Rae8 20.Re2 Bc6 21.Rfe1 Qb7 22.Qb2 a6
23.a4 b5 24.axb5 axb5 25.Nd2 b4 26.Bxf6 Bxf6 27.Qc2 Bc3 28.Rd1 Nf6 29.Nb1 Bd4
30.Rde1 Kg7 31.Nd2 Bc3 32.Rd1 h5 33.Nf3 Nxe4 34.Nxe4 Bxe4 35.Bxe4 Rxe4 36.Rxe4 Rxe4
37.Rxd6 Qe7 38.Rd1 Rxf4 39.Qf2 Re4 40.Rf1 Rg4 41.h3 Rf4 42.Rd1 Re4 43.Qg3 h4
44.Qb8 Bd4 45.Nxd4 Re1+ 46.Rxe1 Qxe1+ 47.Kh2 cxd4 48.c5 d3 49.Qd6 Qg3+  0-1

[Event "FISCA Open D 2013"]
[Site "Cap Aurora ROU"]
[Date "2013.06.25"]
[Round "4.4"]
[White "Martian,D"]
[Black "Dumitrache,D"]
[Result "0-1"]
[WhiteElo "2162"]
[BlackElo "2451"]

1.e4 d6 2.d4 Nf6 3.Nc3 e5 4.Nf3 Nbd7 5.Bc4 Be7 6.O-O O-O 7.h3 a6 8.a4 b6
9.Re1 c6 10.Bb3 Rb8 11.Bg5 b5 12.d5 c5 13.Bxf6 Bxf6 14.Ba2 g6 15.Qe2 c4 16.Nd1 Qa5
17.Ne3 Ra8 18.Kh2 Qb6 19.b3 Nc5 20.axb5 axb5 21.bxc4 Nxe4 22.cxb5 Nc3 23.Qc4 e4
24.Nd2 Ra4 25.Qc6 Qxc6 26.dxc6 Nxa2 27.Rab1 Nc3 28.Rb2 Rd4 29.Ndc4 d5 30.Na5 Ra4
31.b6 Rxa5 32.b7 Bxb7 33.cxb7 Rb8 34.Rb6 Be5+ 35.g3 h5 36.h4 Ra7 37.Nxd5 Nxd5
38.Rb5 Nc3 39.Rxe5 Rbxb7 40.Kg2 Re7 41.Rg5 Kg7 42.Re3 Rec7 43.Re1 f5 44.Kg1 Ra2
45.g4 fxg4 46.Kf1 Rxc2 47.Ra1 Rf7 48.Ke1 Re2+ 49.Kf1 Rexf2+  0-1

[Event "TCh-MNE Prem 2013"]
[Site "Cetinje MNE"]
[Date "2013.06.25"]
[Round "2.1"]
[White "Brenjo,S"]
[Black "Lajthajm,B"]
[Result "1/2-1/2"]
[WhiteElo "2499"]
[BlackElo "2478"]

1.e4 d6 2.d4 Nf6 3.Nc3 e5 4.Nf3 Nbd7 5.Bc4 Be7 6.O-O O-O 7.Re1 c6 8.a4 a5
9.h3 exd4 10.Qxd4 Nc5 11.Bf4 Ne6 12.Bxe6 fxe6 13.e5 dxe5 14.Qxd8 Rxd8 15.Bxe5 Nd5
16.Ne4 Bd7 17.Bd6 Bf6 18.Nxf6+ gxf6 19.c4 Bc8 20.Bc5 Nb4 21.Rad1 Rd7 22.Rxd7 Bxd7
23.Rd1 Be8 24.Rd6 Kf7 25.Nd4 Nd3 26.Nxe6 Nxb2 27.Nd8+ Kg8 28.Nxb7 Nxa4 29.Bd4 c5
30.Bxf6 Bf7 31.Rc6 Bxc4 32.Nd6 Bd3 33.Rc7 Nb6 34.Rg7+ Kf8 35.Rf7+ Kg8  1/2-1/2

[Event "TCh-MNE Prem 2013"]
[Site "Cetinje MNE"]
[Date "2013.06.25"]
[Round "2.3"]
[White "Benderac,S"]
[Black "Mrsevic,M"]
[Result "1/2-1/2"]
[WhiteElo "2301"]
[BlackElo "2298"]

1.e4 d6 2.d4 Nf6 3.Nc3 e5 4.dxe5 dxe5 5.Qxd8+ Kxd8 6.Bg5 Be6 7.O-O-O+ Nd7
8.Nf3 Kc8 9.Bh4 h6 10.Bg3 Bd6 11.Nd2 c6 12.Bc4 Re8 13.Bxe6 Rxe6 14.Nc4 Bb4
15.f4 Bxc3 16.f5 Re7 17.Nd6+ Kc7 18.bxc3 Ne8 19.Bh4 f6 20.Nxe8+ Raxe8 21.Bf2 b6
22.Rd3 Nb8 23.h4 Rd7 24.g4 Red8 25.Rhh3 c5 26.g5 h5 27.gxf6 gxf6 28.Rhg3 c4
29.Rxd7+ Nxd7 30.Rg6 Rh8 31.Kd2 Rh7 32.Ke2 Kd6 33.Rg8 Kc7 34.Kf3 Kb7 35.a4 a5
36.Bg3 Kc7 37.Rg6 Kb7 38.Rg8 Kc7 39.Ke2 Kb7 40.Kf3 Kc7 41.Ke3 Kb7  1/2-1/2

[Event "7th Varna Open 2013"]
[Site "Varna BUL"]
[Date "2013.06.25"]
[Round "7.2"]
[White "Dimitrov,R"]
[Black "Janev,E"]
[Result "1-0"]
[WhiteElo "2429"]
[BlackElo "2444"]

1.e4 d6 2.d4 Nf6 3.Nc3 e5 4.Nf3 Nbd7 5.g4 Nxg4 6.Rg1 Ngf6 7.Be3 c6 8.Qd3 exd4
9.Qxd4 Nc5 10.O-O-O Bg4 11.Be2 Qa5 12.e5 Bxf3 13.Bxf3 Ne6 14.Qc4 Nd7 15.exd6 Ne5
16.d7+ Kd8 17.Qe4 Bb4 18.Bd2 Bd6 19.Be2 Nxd7 20.Qh4+ Be7 21.Qh3 Ke8 22.Bc4 Ndf8
23.f4 Qc5 24.Bb3 Rd8 25.Be3 Qa5 26.f5 Rxd1+ 27.Rxd1 Nd8 28.Bd4 f6 29.Qg4 h5
30.Qf3 Nd7 31.Rg1 Rh7 32.Bg8 Rh8 33.Bb3 Rh7 34.Ne2 Nf7 35.Bc3 Nde5 36.Qf4 Bd6
37.Bxa5 Nd3+ 38.cxd3 Bxf4+ 39.Nxf4  1-0

[Event "7th Varna Open 2013"]
[Site "Varna BUL"]
[Date "2013.06.25"]
[Round "7.30"]
[White "Tishova,Svetlana"]
[Black "Malinina,Alina"]
[Result "1-0"]
[WhiteElo "1702"]
[BlackElo "1520"]

1.e4 d6 2.d4 Nf6 3.Nc3 e5 4.Nf3 Nbd7 5.Bc4 Be7 6.O-O O-O 7.Bb3 Nb6 8.dxe5 dxe5
9.Qxd8 Rxd8 10.Nxe5 Rf8 11.Be3 Bb4 12.f3 Nbd7 13.Nxd7 Nxd7 14.Nd5 Bd6 15.Nf4 Nc5
16.Bc4 Bxf4 17.Bxf4 Ne6 18.Be3 Bd7 19.Rad1 Rfd8 20.Rd2 Bc6 21.Rfd1 a6 22.Kf2 Kf8
23.Bd5 Rd6 24.c4 Bxd5 25.cxd5 Nd8 26.Bc5 f6 27.Bxd6+ cxd6 28.Rc1 Kf7  1-0

[Event "TCh-MNE Prem 2013"]
[Site "Cetinje MNE"]
[Date "2013.06.26"]
[Round "3.3"]
[White "Mrsevic,M"]
[Black "Tadic,Br"]
[Result "1-0"]
[WhiteElo "2298"]
[BlackElo "2513"]

1.e4 d6 2.d4 Nf6 3.Nc3 e5 4.f4 Bg4 5.Be2 exd4 6.Qxd4 Nc6 7.Bb5 Nd7 8.Bxc6 bxc6
9.h3 Qh4+ 10.Kf1 Nb6 11.g3 Qh5 12.f5 Bf3 13.Qf2 Bxh1 14.g4 d5 15.gxh5 dxe4
16.Qh2 Bf3 17.Nxf3 Bd6 18.Qg2  1-0

[Event "TCh-MNE Prem 2013"]
[Site "Cetinje MNE"]
[Date "2013.06.26"]
[Round "3.4"]
[White "Kalezic,B"]
[Black "Konjevic,Djordje"]
[Result "1/2-1/2"]
[WhiteElo "2418"]
[BlackElo "2324"]

1.e4 d6 2.d4 Nf6 3.Nc3 e5 4.Nf3 Nbd7 5.Bc4 Be7 6.O-O O-O 7.Re1 c6 8.a4 a5
9.b3 Qc7 10.h3 Nb6 11.Bf1 Nfd7 12.Bb2 Re8 13.Ne2 Bf6 14.Ng3 g6 15.Qd2 Nf8
16.Rad1 Be6 17.c4 Nc8 18.Qc2 Bg7 19.Ba3 c5 20.dxc5 dxc5 21.Ne2 b6 22.Nc3 Na7
23.Nd5 Qb8 24.Bc1 f6 25.Bd2 Nc6 26.g3 Bf7 27.Be3 Ne6 28.Bg2 Ra7 29.Kh2 g5
30.Ng1 Ncd4 31.Bxd4 Nxd4 32.Qd3 Be6 33.Ne2 Rf7 34.Nxd4 cxd4 35.Bf3 Rc8 36.Bg4 Qd6
37.Kg2 Rcf8 38.Bxe6 Qxe6 39.g4 Rc8 40.Qf3 Bf8 41.Rd3 Kg7  1/2-1/2

[Event "8th Vladimir Dvorkovich Cup"]
[Site "Moscow RUS"]
[Date "2013.06.26"]
[Round "2.10"]
[White "Vorontsov,P"]
[Black "Nikitenko,M"]
[Result "1-0"]
[WhiteElo "2303"]
[BlackElo "2011"]

1.e4 d6 2.d4 Nf6 3.Nc3 Nbd7 4.g3 e5 5.Nge2 c6 6.Bg2 b5 7.a3 Be7 8.O-O O-O
9.h3 Bb7 10.g4 Re8 11.g5 Nh5 12.Bf3 g6 13.Bxh5 gxh5 14.dxe5 d5 15.f4 Bc5+
16.Kh2 Nf8 17.Ng3 d4 18.Nce2 Bb6 19.Nf5 Ng6 20.Nd6 Qc7 21.Nxd4 Bxd4 22.Nxe8 Rxe8
23.Qxd4 c5 24.Qe3 Rd8 25.Qf2 Rd4 26.Be3 Rxe4 27.Rad1 Ne7 28.Bxc5 Nf5 29.Rd2 h4
30.Rfd1 Qc6 31.Rd8+ Kg7 32.Bf8+  1-0

[Event "9th Prague Festival Open A"]
[Site "Prague CZE"]
[Date "2013.06.26"]
[Round "5.26"]
[White "Novy,Filip"]
[Black "Sisak,R"]
[Result "0-1"]
[WhiteElo "1803"]
[BlackElo "2051"]

1.e4 d6 2.d4 Nf6 3.Nc3 Nbd7 4.Bc4 e5 5.Nf3 Be7 6.O-O h6 7.Re1 O-O 8.h3 c6
9.a4 b6 10.d5 cxd5 11.Nxd5 Nxd5 12.Bxd5 Rb8 13.b3 Nf6 14.Ba3 Nxd5 15.Qxd5 Be6
16.Qd3 Qc7 17.Rad1 Rbd8 18.Re2 f5 19.exf5 Bxf5 20.Qd5+ Kh8 21.c4 Bc8 22.Nd2 Rf4
23.Ne4 Bb7 24.Qd3 Rxe4 25.Rxe4 Bxe4 26.Qxe4 d5 27.Bxe7 dxe4 28.Bxd8 Qc5 29.Bh4 Qb4
30.Rd8+ Kh7 31.Rd7 Qe1+ 32.Kh2 e3 33.Bf6 Kg6 34.Bxe5 exf2  0-1

[Event "3rd Big Slick GM"]
[Site "Purley ENG"]
[Date "2013.06.26"]
[Round "5"]
[White "Gormally,D"]
[Black "Panjwani,R"]
[Result "1-0"]
[WhiteElo "2496"]
[BlackElo "2409"]

1.e4 d6 2.d4 Nf6 3.Nc3 e5 4.Nf3 Nbd7 5.Bc4 Be7 6.O-O O-O 7.Re1 a6 8.a4 b6
9.Bf1 c6 10.b3 Qc7 11.Bb2 Rb8 12.Nb1 b5 13.Nbd2 Re8 14.g3 Bf8 15.axb5 axb5
16.Bg2 exd4 17.Nxd4 c5 18.Nf5 g6 19.Ne3 Bb7 20.c4 bxc4 21.Nexc4 d5 22.exd5 Rxe1+
23.Qxe1 Re8 24.Ne4 Nxd5 25.Qd2 Qb8 26.h4 Re6 27.Ng5  1-0

[Event "7th Varna Open 2013"]
[Site "Varna BUL"]
[Date "2013.06.26"]
[Round "8.23"]
[White "Petrov,Vl5"]
[Black "Dimov,Dana"]
[Result "1/2-1/2"]
[WhiteElo "2038"]
[BlackElo "1905"]

1.e4 d6 2.d4 Nf6 3.Nc3 e5 4.dxe5 dxe5 5.Qxd8+ Kxd8 6.Bc4 Ke8 7.Nge2 c6 8.f3 Bc5
9.Nd1 Ke7 10.Be3 Bxe3 11.Nxe3 g6 12.O-O Be6 13.f4 exf4 14.Rxf4 Nbd7 15.Raf1 Rhf8
16.Nd4 Nh5 17.R4f2 Ng7 18.Nxe6 fxe6 19.Ng4 Rxf2 20.Rxf2 Rf8 21.Rxf8 Kxf8
22.Nf2 Ke7 23.Kf1 Ne8 24.Ke2 e5 25.Ke3 Nef6 26.Be2 a5 27.Nd3 Kd6 28.b3 Nc5
29.Nb2 b5 30.Bf3 Ne6 31.c3 Ng5  1/2-1/2

[Event "Visma GM 2013"]
[Site "Vaxjo SWE"]
[Date "2013.06.26"]
[Round "1.1"]
[White "Sipila,V"]
[Black "Danielsen,Hen"]
[Result "1-0"]
[WhiteElo "2411"]
[BlackElo "2508"]

1.e4 d6 2.d4 Nf6 3.Nc3 e5 4.Nf3 Nbd7 5.Bc4 Be7 6.O-O O-O 7.a4 c6 8.Qe2 a5
9.h3 exd4 10.Nxd4 Nc5 11.Rd1 Qb6 12.Nb3 Nxb3 13.Bxb3 Nd7 14.Be3 Nc5 15.Bd4 Qb4
16.Na2 Qb6 17.Rd3 Qa6 18.Rg3 g6 19.Bc4 b5 20.axb5 cxb5 21.Nb4 axb4 22.Rxa6 Rxa6
23.Bd5 Bd7 24.Qh5 Be6 25.f4 Bxd5 26.Qxd5 Ra1+ 27.Kh2 Rd1 28.f5 Bh4 29.Rg4 Bf6
30.fxg6 Be5+ 31.g3 Rd2+ 32.Kh1 Rd1+ 33.Kg2 Rd2+ 34.Kf1 h5 35.gxf7+ Kh7 36.Rg7+ Kh6
37.Rg8 Rxd4 38.Rxf8 Rxd5 39.Rh8+ Bxh8 40.f8=Q+ Bg7 41.Qf4+  1-0

[Event "III Marcel Duchamp Boca Jun Op"]
[Site "Buenos Aires ARG"]
[Date "2013.06.27"]
[Round "7.48"]
[White "Cimer,Emmanuel"]
[Black "Pernas,Agustin"]
[Result "1/2-1/2"]
[WhiteElo "1593"]
[BlackElo "1888"]

1.e4 d6 2.d4 Nf6 3.Nc3 e5 4.Nf3 Nbd7 5.Bc4 Be7 6.O-O O-O 7.Re1 c6 8.a4 h6
9.h3 Re8 10.a5 Bf8 11.d5 a6 12.Qe2 c5 13.Nh2 g6 14.g4 Bg7 15.Qf3 Nh7 16.Qg3 g5
17.Nf1 Ndf8 18.Ne3 Ng6 19.Bf1 Nf4 20.Nc4 Nf8 21.Nd1 N8g6 22.Nde3 Nh4 23.Nb6 Rb8
24.Nec4 Qf6 25.Nd2 Kh8 26.Ra3 h5 27.f3 hxg4 28.hxg4 Kh7 29.Kf2 Re7 30.Ndc4  1/2-1/2

[Event "TCh-MNE Prem 2013"]
[Site "Cetinje MNE"]
[Date "2013.06.27"]
[Round "4.2"]
[White "Savic,Miod1"]
[Black "Pikula,D"]
[Result "1-0"]
[WhiteElo "2529"]
[BlackElo "2482"]

1.e4 d6 2.d4 Nf6 3.Nc3 e5 4.Nf3 Nbd7 5.Bc4 Be7 6.O-O O-O 7.Re1 c6 8.a4 exd4
9.Qxd4 Ne5 10.Be2 Nfg4 11.Bf4 Bf6 12.Nxe5 Bxe5 13.Bxe5 dxe5 14.Qxd8 Rxd8
15.Red1 Be6 16.Bxg4 Bxg4 17.f3 Be6 18.a5 Kf8 19.Kf2 Ke7 20.Ke3 g5 21.Ra4 Rxd1
22.Nxd1 Rd8 23.Nf2 Kd6 24.Ra1 Rg8 25.Rd1+ Kc7 26.Ng4 Bxg4 27.fxg4 Rg6 28.Rf1 f6
29.Kd3 b6 30.Kc4 Kd6 31.Rf3 Rh6 32.h3 Rg6 33.Rd3+ Kc7 34.Rf3 Kd6 35.axb6 axb6
36.Rd3+ Kc7 37.Ra3 Kb7 38.Rf3 Kc7 39.b4 Rg7 40.Rxf6 Rd7 41.c3 Rd2 42.Re6 Rxg2
43.Rxe5 Re2 44.Kd3 Rg2 45.Rxg5  1-0